Das Recht der Staatensukzession : (Record no. 5916)
[ view plain ]
| 000 -LEADER | |
|---|---|
| fixed length control field | 01516cam a2200361Mc 4500 |
| 001 - CONTROL NUMBER | |
| control field | ocn469131445 |
| 003 - CONTROL NUMBER IDENTIFIER | |
| control field | TZ-ArACH |
| 005 - DATE AND TIME OF LATEST TRANSACTION | |
| control field | 20200907222354.0 |
| 008 - FIXED-LENGTH DATA ELEMENTS--GENERAL INFORMATION | |
| fixed length control field | 140308s1996 gw 100 0 ger d |
| 029 1# - (OCLC) | |
| OCLC library identifier | DKDLA |
| System control number | 800010-katalog:99122417983405763 |
| 035 ## - SYSTEM CONTROL NUMBER | |
| System control number | (OCoLC)469131445 |
| Canceled/invalid control number | (OCoLC)1141773513 |
| 040 ## - CATALOGING SOURCE | |
| Original cataloging agency | DKDLA |
| Language of cataloging | dan |
| Transcribing agency | TZ-ArACH |
| 041 0# - LANGUAGE CODE | |
| Language code of text/sound track or separate title | ger |
| Language code of summary or abstract/overprinted title or subtitle | eng |
| 049 ## - LOCAL HOLDINGS (OCLC) | |
| Holding library | TZAA |
| 050 14 - LIBRARY OF CONGRESS CALL NUMBER | |
| Classification number | KZ4024 |
| Item number | .M85 1996 |
| 245 04 - TITLE STATEMENT | |
| Title | Das Recht der Staatensukzession : |
| Remainder of title | [24. Tagung in Leipzig, April 1995] = The law of state succession / |
| Statement of responsibility, etc | Referate und Thesen von Ulrich Fastenrath, Theodor Schweisfurth, Carsten Thomas Ebenroth mit Diskussion |
| 260 ## - PUBLICATION, DISTRIBUTION, ETC. (IMPRINT) | |
| Place of publication, distribution, etc | Heidelberg : |
| Name of publisher, distributor, etc | C.F. Müller, |
| Date of publication, distribution, etc | 1996. |
| 300 ## - PHYSICAL DESCRIPTION | |
| Extent | Vol. 35. pages 49-233 |
| 490 1# - SERIES STATEMENT | |
| Series statement | Berichte der Deutschen Gesellschaft für Völkerrechtt (Reports of the German Society for International Law) |
| Volume number/sequential designation | 35 |
| 500 ## - GENERAL NOTE | |
| General note | With English summaries of the reports |
| 650 #0 - SUBJECT ADDED ENTRY--TOPICAL TERM | |
| Topical term or geographic name as entry element | State succession. |
| 9 (RLIN) | 2478 |
| 650 #0 - SUBJECT ADDED ENTRY--TOPICAL TERM | |
| Topical term or geographic name as entry element | Treaties. |
| 650 #7 - SUBJECT ADDED ENTRY--TOPICAL TERM | |
| Topical term or geographic name as entry element | State succession |
| Source of heading or term | fast |
| 9 (RLIN) | 2478 |
| 650 #7 - SUBJECT ADDED ENTRY--TOPICAL TERM | |
| Topical term or geographic name as entry element | Treaties |
| Source of heading or term | fast |
| 650 #7 - SUBJECT ADDED ENTRY--TOPICAL TERM | |
| Topical term or geographic name as entry element | State succession |
| Source of heading or term | 5 |
| 9 (RLIN) | 2478 |
| 650 #7 - SUBJECT ADDED ENTRY--TOPICAL TERM | |
| Topical term or geographic name as entry element | Treaties |
| Source of heading or term | 5 |
| 700 1# - ADDED ENTRY--PERSONAL NAME | |
| Personal name | Fastenrath, Ulrich |
| 700 1# - ADDED ENTRY--PERSONAL NAME | |
| Personal name | Schweisfurth, Theodor |
| 700 1# - ADDED ENTRY--PERSONAL NAME | |
| Personal name | Ebenroth, Carsten Thomas |
| 711 2# - ADDED ENTRY--MEETING NAME | |
| Meeting name or jurisdiction name as entry element | Deutsche Gesellschaft für Völkerrecht (German Society for International Law) . |
| Subordinate unit | Tagung |
| Number of part/section/meeting | (24 : |
| Date of meeting | 1995 : |
| Location of meeting | Leipzig) |
| 830 #0 - SERIES ADDED ENTRY--UNIFORM TITLE | |
| Uniform title | Berichte der Deutschen Gesellschaft für Völkerrecht (Reports of the German Society for International Law). ; |
| Volume number/sequential designation | 35 |
| 942 ## - ADDED ENTRY ELEMENTS (KOHA) | |
| Source of classification or shelving scheme | Library of Congress Classification |
| Koha item type | Books |
| Home library | Current library | Date acquired | Full call number | Barcode | Koha item type | Public note |
|---|---|---|---|---|---|---|
| African Court on Human and Peoples' Rights Library | African Court on Human and Peoples' Rights Library | 07/09/2020 | KZ4024 .M85 1996 | 10202269 | Books | Donation by the International Law Book Foundation (ILBF) |
